MARC

LEADER 00000nam0a2200000 4500
001 265680
005 20231101233936.0
020 |a RU  |b 86-93850 
035 |a (RuTPU)RU\TPU\book\288682 
090 |a 265680 
100 |a 20140627d1986 k a0rusy5003 ca 
101 0 |a rus 
102 |a AM 
105 |a a z 001zy 
200 1 |a Биостратиграфия позднемеловых-раннепалеогеновых отложений юга Армянской ССР  |f Ю. А. Мартиросян  |g Академия наук Армянской ССР (АН АрмССР), Институт геологических наук (ИГН) 
210 |a Ереван  |c Изд-во АН АрмССР  |d 1986 
215 |a 114 с.  |c ил. 
320 |a Библиогр.: с. 108-114 
606 1 |a Биостратиграфия  |x (палеонтология)  |2 stltpush  |3 (RuTPU)RU\TPU\subj\28746  |9 52245 
610 1 |a меловые отложения 
610 1 |a палеогеновые отложения 
610 1 |a Армянская ССР 
610 1 |a фораминиферы 
610 1 |a разрезы 
610 1 |a описание 
675 |a 56  |z rus  |v 4 
700 1 |a Мартиросян  |b Ю. А.  |g Юлия Арменаковна  |4 070 
712 0 2 |a Академия наук Армянской ССР (АН АрмССР)  |b Институт геологических наук (ИГН)  |2 stltpush  |3 (RuTPU)RU\TPU\col\12969 
801 0 |a RU  |b RuMRKP  |c 19950417  |g psbo 
801 1 |a RU  |b 63413507  |c 20140627 
801 2 |a RU  |b 63413507  |c 20170214  |g RCR 
942 |c BK